| 000 | 00715nam a2200217 a 4500 | ||
|---|---|---|---|
| 005 | 20230607063614.0 | ||
| 008 | 041104s1987 mx r 000 0 spa d | ||
| 020 | _a9682913543 | ||
| 035 | _aUPN01000136133 | ||
| 049 | _aCG | ||
| 050 | 4 |
_aHT384 M6 _bM4.5 |
|
| 100 | 1 |
_aMessmacher Linartas, Miguel, _d1972- _929312 |
|
| 245 | 1 | 0 |
_aMéxico : _bmegalópolis : evolución y dinámica de los municipios conurbados de la ciudad de México / _cMiguel Messmacher. |
| 260 |
_aMéxico : _bSEP, _c1987. |
||
| 300 | _a281 p. | ||
| 440 | 0 | _aForo 2000 | |
| 650 | 4 |
_aURBANIZACION - _zMEXICO _917389 |
|
| 651 | 4 |
_aCiudad de México _zÁrea metropolitana _917468 |
|
| 650 | 4 |
_aCIUDADES Y PUEBLOS - _zMEXICO _95884 |
|
| 905 | _aLibro | ||
| 999 |
_c108284 _d108284 |
||